Normal view
MARC view
Entry Personal Name
001 - CONTROL NUMBER
- control field: 27972
003 - CONTROL NUMBER IDENTIFIER
- control field: ARRUPE
005 - DATE AND TIME OF LATEST TRANSACTION
- control field: 20161207083346.0
008 - FIXED-LENGTH DATA ELEMENTS
- fixed length control field: 161207|| aca||aabn | a|a d
040 ## - CATALOGING SOURCE
- Original cataloging agency: ARRUPE
- Transcribing agency: ARRUPE
100 ## - HEADING--PERSONAL NAME
- Personal name: Fidlon, David
- Relator term: tr.
670 ## - SOURCE DATA FOUND
- Source citation: Work cat.: (ARRUPE)125773: Timofeev, T. T. (Timur Timofeevich) 27601, Workers in society :, 1981.